[Event "Rapid Tournament (RAP)"]
[Site "Biel, CH"]
[Date "2025.07.13"]
[Round "2"]
[White "Varela Tavares, Goncalo"]
[Black "Federer, Colin"]
[Result "0-1"]
[Board "29"]
[WhiteFideId "1344773"]
[BlackFideId "1345117"]
[BlackTitle "FM"]
[WhiteElo "1829"]
[BlackElo "2055"]
[WhiteTeam "SUI"]
[BlackTeam "SUI"]
[WhiteClock "0:00:16"]
[BlackClock "0:00:25"]
[Variant "Standard"]

1. Nf3 {[%clk 0:14:34]}  Nf6 {[%clk 0:15:06]} 2. c4 {[%clk 0:14:38]}  g6 {[%clk 0:15:04]} 3. b4 {[%clk 0:14:36]}  Bg7 {[%clk 0:14:59]} 4. Bb2 {[%clk 0:14:40]}  O-O {[%clk 0:14:58]} 5. g3 {[%clk 0:14:43]}  a5 {[%clk 0:14:56]} 6. b5 {[%clk 0:14:46]}  c6 {[%clk 0:14:38]} 7. Bg2 {[%clk 0:14:42]}  d5 {[%clk 0:14:31]} 8. Ne5 {[%clk 0:13:23]}  Nfd7 {[%clk 0:13:30]} 9. d4 {[%clk 0:10:25]}  Nxe5 {[%clk 0:12:44]} 10. dxe5 {[%clk 0:10:27]}  dxc4 {[%clk 0:12:20]} 11. Qxd8 {[%clk 0:10:09]}  Rxd8 {[%clk 0:12:23]} 12. Na3 {[%clk 0:10:12]}  cxb5 {[%clk 0:11:53]} 13. Nxb5 {[%clk 0:10:07]}  Nc6 {[%clk 0:11:51]} 14. f4 {[%clk 0:08:56]}  Bf5 {[%clk 0:10:34]} 15. Rc1 {[%clk 0:08:23]}  Rac8 {[%clk 0:09:38]} 16. a3 {[%clk 0:07:01]}  Be6 {[%clk 0:08:52]} 17. Kf2 {[%clk 0:06:58]}  Rd7 {[%clk 0:07:31]} 18. Bc3 {[%clk 0:06:21]}  f6 {[%clk 0:05:35]} 19. exf6 {[%clk 0:04:59]}  Bxf6 {[%clk 0:07:01]} 20. Bxf6 {[%clk 0:03:49]}  exf6 {[%clk 0:07:03]} 21. Rc3 {[%clk 0:03:53]}  Bd5 {[%clk 0:04:57]} 22. Rd1 {[%clk 0:03:31]}  Rcd8 {[%clk 0:04:29]} 23. Rxd5 {[%clk 0:03:11]}  Rxd5 {[%clk 0:04:59]} 24. Bxd5+ {[%clk 0:03:07]}  Rxd5 {[%clk 0:05:03]} 25. Nc7 {[%clk 0:03:04]}  Rd7 {[%clk 0:04:28]} 26. Nb5 {[%clk 0:02:54]}  Rd5 {[%clk 0:03:01]} 27. Nc7 {[%clk 0:02:08]}  Rh5 {[%clk 0:02:51]} 28. h4 {[%clk 0:01:59]}  b5 {[%clk 0:02:01]} 29. a4 {[%clk 0:01:20]}  bxa4 {[%clk 0:01:52]} 30. Rxc4 {[%clk 0:01:22]}  Nb4 {[%clk 0:01:54]} 31. Rc3 {[%clk 0:00:53]}  Kf7 {[%clk 0:01:44]} 32. Ra3 {[%clk 0:00:18]}  Rc5 {[%clk 0:01:40]} 33. Na8 {[%clk 0:00:21]}  Ke7 {[%clk 0:01:15]} 34. Nb6 {[%clk 0:00:25]}  Kd6 {[%clk 0:00:59]} 35. Nxa4 {[%clk 0:00:25]}  Rc2 {[%clk 0:01:00]} 36. Kf3 {[%clk 0:00:20]}  f5 {[%clk 0:00:13]} 37. Nc3 {[%clk 0:00:08]}  Nc6 {[%clk 0:00:17]} 38. Nb5+ {[%clk 0:00:09]}  Kc5 {[%clk 0:00:20]} 39. Nc7 {[%clk 0:00:12]}  Nd4+ {[%clk 0:00:17]} 40. Ke3 {[%clk 0:00:09]}  Kb4 {[%clk 0:00:12]} 41. Ra1 {[%clk 0:00:08]}  Rxc7 {[%clk 0:00:06]} 42. Kxd4 {[%clk 0:00:11]}  Rd7 {[%clk 0:00:11]} 43. Ke3 {[%clk 0:00:15]}  a4 {[%clk 0:00:15]} 44. Rb1+ {[%clk 0:00:18]}  Ka3 {[%clk 0:00:20]} 45. h5 {[%clk 0:00:17]}  Ka2 {[%clk 0:00:22]} 46. Rb6 {[%clk 0:00:16]}  a3 {[%clk 0:00:17]} 47. Ra6 {[%clk 0:00:18]}  Rb7 {[%clk 0:00:11]} 48. hxg6 {[%clk 0:00:11]}  hxg6 {[%clk 0:00:15]} 49. g4 {[%clk 0:00:11]}  Kb2 {[%clk 0:00:17]} 50. gxf5 {[%clk 0:00:13]}  gxf5 {[%clk 0:00:21]} 51. Kd4 {[%clk 0:00:14]}  a2 {[%clk 0:00:13]} 52. Ke5 {[%clk 0:00:17]}  Rb5+ {[%clk 0:00:17]} 53. Kd4 {[%clk 0:00:12]}  a1=Q {[%clk 0:00:17]} 54. Rxa1 {[%clk 0:00:13]}  Kxa1 {[%clk 0:00:21]} 55. e4 {[%clk 0:00:16]}  Rb4+ {[%clk 0:00:25]} 0-1

[Event "Rapid Tournament (RAP)"]
[Site "Biel, CH"]
[Date "2025.07.13"]
[Round "2"]
[White "Hornung, Hans, Dr."]
[Black "Burri, Nicolas"]
[Result "1-0"]
[Board "30"]
[WhiteFideId "4615140"]
[BlackFideId "1361449"]
[WhiteElo "2052"]
[BlackElo "1695"]
[WhiteTeam "GER"]
[BlackTeam "SUI"]
[WhiteClock "0:00:09"]
[BlackClock "0:00:13"]
[Variant "Standard"]

1. Nf3 {[%clk 0:15:01]}  d5 {[%clk 0:14:57]} 2. e3 {[%clk 0:15:03]}  Nc6 {[%clk 0:14:47]} 3. Bb5 {[%clk 0:14:55]}  Nf6 {[%clk 0:14:33]} 4. c4 {[%clk 0:13:47]}  Bd7 {[%clk 0:13:23]} 5. cxd5 {[%clk 0:13:30]}  Nxd5 {[%clk 0:13:18]} 6. d4 {[%clk 0:12:59]}  e6 {[%clk 0:13:05]} 7. O-O {[%clk 0:12:49]}  a6 {[%clk 0:12:13]} 8. Bd3 {[%clk 0:12:47]}  Bd6 {[%clk 0:10:27]} 9. a3 {[%clk 0:10:44]}  O-O {[%clk 0:06:49]} 10. e4 {[%clk 0:09:52]}  Nf4 {[%clk 0:06:18]} 11. Bc2 {[%clk 0:09:46]}  Ng6 {[%clk 0:05:41]} 12. e5 {[%clk 0:08:36]}  Be7 {[%clk 0:05:23]} 13. Nc3 {[%clk 0:08:35]}  Qe8 {[%clk 0:04:08]} 14. Re1 {[%clk 0:08:17]}  f6 {[%clk 0:03:53]} 15. exf6 {[%clk 0:06:38]}  Bxf6 {[%clk 0:03:15]} 16. d5 {[%clk 0:04:32]}  Nd8 {[%clk 0:02:23]} 17. Ng5 {[%clk 0:03:56]}  Bxg5 {[%clk 0:01:28]} 18. Bxg5 {[%clk 0:03:59]}  Qf7 {[%clk 0:01:31]} 19. Be3 {[%clk 0:02:48]}  exd5 {[%clk 0:00:39]} 20. Nxd5 {[%clk 0:02:40]}  Bc6 {[%clk 0:00:38]} 21. Bb3 {[%clk 0:02:31]}  Kh8 {[%clk 0:00:23]} 22. Nb6 {[%clk 0:02:06]}  Ne6 {[%clk 0:00:06]} 23. Nxa8 {[%clk 0:02:00]}  Rxa8 {[%clk 0:00:09]} 24. Qg4 {[%clk 0:01:11]}  Re8 {[%clk 0:00:13]} 25. Rad1 {[%clk 0:01:03]}  Qf6 {[%clk 0:00:15]} 26. Bc1 {[%clk 0:00:28]}  Nef4 {[%clk 0:00:08]} 27. Rxe8+ {[%clk 0:00:21]}  Bxe8 {[%clk 0:00:10]} 28. Bxf4 {[%clk 0:00:14]}  Nxf4 {[%clk 0:00:10]} 29. g3 {[%clk 0:00:08]}  Ne6 {[%clk 0:00:13]} 30. Qxe6 {[%clk 0:00:09]} 1-0

[Event "Rapid Tournament (RAP)"]
[Site "Biel, CH"]
[Date "2025.07.13"]
[Round "2"]
[White "Ademi, Rexhe"]
[Black "Vilaseca, Laurent"]
[Result "0-1"]
[Board "31"]
[WhiteFideId "1350366"]
[BlackFideId "1310240"]
[WhiteElo "1688"]
[BlackElo "2044"]
[WhiteTeam "SUI"]
[BlackTeam "SUI"]
[WhiteClock "0:11:03"]
[BlackClock "0:10:46"]
[Variant "Standard"]

1. Nf3 {[%clk 0:15:07]}  Nf6 {[%clk 0:15:06]} 2. d3 {[%clk 0:15:10]}  d5 {[%clk 0:15:04]} 3. g3 {[%clk 0:15:12]}  c6 {[%clk 0:15:04]} 4. Bg2 {[%clk 0:15:15]}  Bf5 {[%clk 0:14:52]} 5. Bg5 {[%clk 0:15:16]}  Nbd7 {[%clk 0:14:44]} 6. c3 {[%clk 0:15:18]}  h6 {[%clk 0:14:46]} 7. Bxf6 {[%clk 0:15:07]}  Nxf6 {[%clk 0:14:49]} 8. Qb3 {[%clk 0:15:07]}  Qb6 {[%clk 0:14:46]} 9. Qxb6 {[%clk 0:15:05]}  axb6 {[%clk 0:14:50]} 10. Nbd2 {[%clk 0:15:02]}  e6 {[%clk 0:14:51]} 11. Nh4 {[%clk 0:14:54]}  Bh7 {[%clk 0:14:54]} 12. e4 {[%clk 0:14:57]}  g5 {[%clk 0:14:40]} 13. Nhf3 {[%clk 0:14:52]}  dxe4 {[%clk 0:14:42]} 14. dxe4 {[%clk 0:14:55]}  Nxe4 {[%clk 0:14:45]} 15. Nxe4 {[%clk 0:14:53]}  Bxe4 {[%clk 0:14:49]} 16. O-O {[%clk 0:14:51]}  Bg7 {[%clk 0:14:42]} 17. Rfe1 {[%clk 0:14:54]}  Bf5 {[%clk 0:14:36]} 18. Nd4 {[%clk 0:14:56]}  Bxd4 {[%clk 0:14:40]} 19. cxd4 {[%clk 0:14:59]}  Kd7 {[%clk 0:14:06]} 20. a3 {[%clk 0:15:02]}  Rhd8 {[%clk 0:13:48]} 21. h3 {[%clk 0:14:35]}  Kc7 {[%clk 0:13:31]} 22. g4 {[%clk 0:14:38]}  Bg6 {[%clk 0:13:31]} 23. Red1 {[%clk 0:14:33]}  Bc2 {[%clk 0:13:14]} 24. Rd2 {[%clk 0:14:36]}  Bb3 {[%clk 0:13:18]} 25. Rd3 {[%clk 0:14:36]}  Bd5 {[%clk 0:13:21]} 26. Bxd5 {[%clk 0:14:28]}  Rxd5 {[%clk 0:13:24]} 27. Re1 {[%clk 0:14:21]}  Rad8 {[%clk 0:13:26]} 28. Re4 {[%clk 0:14:08]}  c5 {[%clk 0:13:18]} 29. Rf3 {[%clk 0:13:53]}  cxd4 {[%clk 0:12:34]} 30. Rxf7+ {[%clk 0:13:54]}  R8d7 {[%clk 0:12:25]} 31. Rxd7+ {[%clk 0:13:57]}  Kxd7 {[%clk 0:12:29]} 32. Kf1 {[%clk 0:13:58]}  Kd6 {[%clk 0:12:19]} 33. Ke2 {[%clk 0:14:02]}  e5 {[%clk 0:12:22]} 34. Kd3 {[%clk 0:14:02]}  Rc5 {[%clk 0:12:15]} 35. f3 {[%clk 0:13:59]}  Rc1 {[%clk 0:11:51]} 36. h4 {[%clk 0:13:24]}  Rf1 {[%clk 0:11:31]} 37. hxg5 {[%clk 0:13:20]}  hxg5 {[%clk 0:11:34]} 38. Ke2 {[%clk 0:13:11]}  Rb1 {[%clk 0:11:37]} 39. b4 {[%clk 0:13:03]}  Rb3 {[%clk 0:11:35]} 40. Kf2 {[%clk 0:13:01]}  Rxa3 {[%clk 0:11:31]} 41. Re1 {[%clk 0:12:34]}  Kd5 {[%clk 0:10:51]} 42. Rh1 {[%clk 0:12:36]}  Ra2+ {[%clk 0:10:49]} 43. Ke1 {[%clk 0:11:33]}  Ra1+ {[%clk 0:10:51]} 44. Ke2 {[%clk 0:11:13]}  Rxh1 {[%clk 0:10:53]} 45. Kd3 {[%clk 0:11:12]}  Rh3 {[%clk 0:10:47]} 46. Ke2 {[%clk 0:11:16]}  e4 {[%clk 0:10:51]} 47. f4 {[%clk 0:11:10]}  gxf4 {[%clk 0:10:52]} 48. Kf2 {[%clk 0:11:06]}  Rh2+ {[%clk 0:10:49]} 49. Kg1 {[%clk 0:11:09]}  Ra2 {[%clk 0:10:51]} 50. b5 {[%clk 0:11:11]}  f3 {[%clk 0:10:48]} 51. g5 {[%clk 0:11:14]}  Ke5 {[%clk 0:10:44]} 52. Kf1 {[%clk 0:11:08]}  Re2 {[%clk 0:10:44]} 53. Kg1 {[%clk 0:11:05]}  d3 {[%clk 0:10:46]} 54. g6 {[%clk 0:11:03]}  d2 {[%clk 0:10:46]} 0-1

[Event "Rapid Tournament (RAP)"]
[Site "Biel, CH"]
[Date "2025.07.13"]
[Round "2"]
[White "Koehler, Noe"]
[Black "De Gregorio, Alexis"]
[Result "1/2-1/2"]
[Board "32"]
[WhiteFideId "1362488"]
[BlackFideId "1310054"]
[WhiteElo "1680"]
[BlackElo "2032"]
[WhiteTeam "SUI"]
[BlackTeam "SUI"]
[WhiteClock "0:00:58"]
[BlackClock "0:00:52"]
[Variant "Standard"]

1. Nf3 {[%clk 0:15:08]}  Nf6 {[%clk 0:15:06]} 2. b3 {[%clk 0:15:12]}  d6 {[%clk 0:15:06]} 3. Bb2 {[%clk 0:15:16]}  e5 {[%clk 0:15:09]} 4. d4 {[%clk 0:14:57]}  e4 {[%clk 0:14:55]} 5. Nfd2 {[%clk 0:15:01]}  e3 {[%clk 0:13:55]} 6. fxe3 {[%clk 0:14:57]}  d5 {[%clk 0:13:49]} 7. Nf3 {[%clk 0:14:58]}  Bd6 {[%clk 0:13:39]} 8. Nc3 {[%clk 0:14:45]}  O-O {[%clk 0:13:34]} 9. Qd3 {[%clk 0:14:31]}  Nc6 {[%clk 0:12:42]} 10. O-O-O {[%clk 0:14:06]}  Re8 {[%clk 0:12:57]} 11. Kb1 {[%clk 0:13:20]}  Ng4 {[%clk 0:12:41]} 12. e4 {[%clk 0:11:41]}  Nf2 {[%clk 0:12:16]} 13. Qe3 {[%clk 0:11:45]}  Nxh1 {[%clk 0:12:06]} 14. Nxd5 {[%clk 0:11:24]}  Be6 {[%clk 0:11:44]} 15. Nc3 {[%clk 0:11:06]}  Bg4 {[%clk 0:09:52]} 16. Qg1 {[%clk 0:10:42]}  Bb4 {[%clk 0:08:54]} 17. Qxh1 {[%clk 0:10:20]}  Bxc3 {[%clk 0:08:33]} 18. Bxc3 {[%clk 0:10:24]}  Rxe4 {[%clk 0:08:33]} 19. h3 {[%clk 0:10:09]}  Bf5 {[%clk 0:08:15]} 20. g4 {[%clk 0:09:56]}  Bg6 {[%clk 0:08:10]} 21. d5 {[%clk 0:08:55]}  Nb4 {[%clk 0:07:07]} 22. Ne5 {[%clk 0:08:13]}  Rxe5 {[%clk 0:06:54]} 23. Bxb4 {[%clk 0:07:36]}  Qe8 {[%clk 0:05:52]} 24. Bc3 {[%clk 0:06:35]}  Re4 {[%clk 0:05:38]} 25. Qh2 {[%clk 0:06:03]}  Qd7 {[%clk 0:04:44]} 26. Bb2 {[%clk 0:04:36]}  a5 {[%clk 0:04:36]} 27. a4 {[%clk 0:03:49]}  Rae8 {[%clk 0:04:02]} 28. e3 {[%clk 0:03:58]}  Rxe3 {[%clk 0:03:15]} 29. Bc4 {[%clk 0:04:02]}  Qd6 {[%clk 0:03:07]} 30. Qg2 {[%clk 0:03:50]}  h6 {[%clk 0:02:47]} 31. h4 {[%clk 0:03:29]}  Qg3 {[%clk 0:02:40]} 32. Qd2 {[%clk 0:02:43]}  Qxg4 {[%clk 0:02:19]} 33. Bd4 {[%clk 0:02:35]}  Qxd1+ {[%clk 0:02:12]} 34. Qxd1 {[%clk 0:02:23]}  Re1 {[%clk 0:02:16]} 35. Qxe1 {[%clk 0:02:12]}  Rxe1+ {[%clk 0:02:20]} 36. Kb2 {[%clk 0:01:46]}  Re4 {[%clk 0:01:59]} 37. Bc3 {[%clk 0:02:09]}  Rxh4 {[%clk 0:01:58]} 38. Bxa5 {[%clk 0:02:12]}  b6 {[%clk 0:02:00]} 39. Be1 {[%clk 0:01:55]}  Rh2 {[%clk 0:01:55]} 40. Bg3 {[%clk 0:01:38]}  Rxc2+ {[%clk 0:01:55]} 41. Ka3 {[%clk 0:01:43]}  Be4 {[%clk 0:01:24]} 42. Bxc7 {[%clk 0:01:37]}  h5 {[%clk 0:01:11]} 43. d6 {[%clk 0:01:41]}  Bc6 {[%clk 0:01:09]} 44. Bd3 {[%clk 0:01:21]}  Rd2 {[%clk 0:01:08]} 45. Bf5 {[%clk 0:01:16]}  g5 {[%clk 0:01:01]} 46. b4 {[%clk 0:01:20]}  g4 {[%clk 0:01:01]} 47. b5 {[%clk 0:01:24]}  Be8 {[%clk 0:01:02]} 48. a5 {[%clk 0:00:41]}  bxa5 {[%clk 0:00:50]} 49. b6 {[%clk 0:00:42]}  Bc6 {[%clk 0:00:53]} 50. b7 {[%clk 0:00:39]}  Bxb7 {[%clk 0:00:56]} 51. d7 {[%clk 0:00:44]}  Rxd7 {[%clk 0:00:59]} 52. Bxd7 {[%clk 0:00:48]}  Kg7 {[%clk 0:00:49]} 53. Ka4 {[%clk 0:00:40]}  Kg6 {[%clk 0:00:50]} 54. Kxa5 {[%clk 0:00:44]}  f5 {[%clk 0:00:52]} 55. Be8+ {[%clk 0:00:46]}  Kg5 {[%clk 0:00:56]} 56. Bd8 {[%clk 0:00:50]}  Kf4 {[%clk 0:00:57]} 57. Bxh5 {[%clk 0:00:54]}  Bf3 {[%clk 0:00:51]} 58. Bc7+ {[%clk 0:00:55]}  Ke3 {[%clk 0:00:53]} 59. Bg6 {[%clk 0:00:52]}  f4 {[%clk 0:00:55]} 60. Bb6+ {[%clk 0:00:47]}  Ke2 {[%clk 0:00:57]} 61. Bc7 {[%clk 0:00:50]}  Ke3 {[%clk 0:00:45]} 62. Bb6+ {[%clk 0:00:54]}  Ke2 {[%clk 0:00:48]} 63. Bc7 {[%clk 0:00:58]}  Ke3 {[%clk 0:00:52]} 1/2-1/2

[Event "Rapid Tournament (RAP)"]
[Site "Biel, CH"]
[Date "2025.07.13"]
[Round "2"]
[White "Chen, Zhi"]
[Black "Anetov, Aisultan"]
[Result "1-0"]
[Board "33"]
[WhiteFideId "8619549"]
[BlackFideId "13784943"]
[WhiteElo "2027"]
[BlackElo "1610"]
[WhiteTeam "CHN"]
[BlackTeam "KAZ"]
[WhiteClock "0:04:34"]
[BlackClock "0:09:16"]
[Variant "Standard"]

1. e4 {[%clk 0:15:09]}  e5 {[%clk 0:15:10]} 2. Nf3 {[%clk 0:15:11]}  Nc6 {[%clk 0:15:07]} 3. c3 {[%clk 0:15:05]}  d5 {[%clk 0:15:09]} 4. Qa4 {[%clk 0:15:02]}  f6 {[%clk 0:15:13]} 5. Bb5 {[%clk 0:14:42]}  Nge7 {[%clk 0:14:56]} 6. d3 {[%clk 0:14:37]}  Be6 {[%clk 0:14:48]} 7. O-O {[%clk 0:14:35]}  a6 {[%clk 0:14:52]} 8. Bxc6+ {[%clk 0:14:39]}  Nxc6 {[%clk 0:14:55]} 9. Be3 {[%clk 0:14:34]}  Be7 {[%clk 0:14:59]} 10. exd5 {[%clk 0:13:40]}  Bxd5 {[%clk 0:15:03]} 11. Qg4 {[%clk 0:13:25]}  O-O {[%clk 0:14:36]} 12. Nh4 {[%clk 0:13:21]}  Re8 {[%clk 0:13:53]} 13. Nd2 {[%clk 0:12:51]}  Bf8 {[%clk 0:13:50]} 14. Ne4 {[%clk 0:10:53]}  Be6 {[%clk 0:13:18]} 15. Qf3 {[%clk 0:10:04]}  Qxd3 {[%clk 0:11:32]} 16. Rfd1 {[%clk 0:08:53]}  Qc2 {[%clk 0:10:31]} 17. Rd2 {[%clk 0:05:41]}  Qa4 {[%clk 0:10:32]} 18. Nf5 {[%clk 0:05:25]}  Bxf5 {[%clk 0:10:16]} 19. Qxf5 {[%clk 0:05:28]}  Qc4 {[%clk 0:10:01]} 20. Rd7 {[%clk 0:04:36]}  Rac8 {[%clk 0:09:26]} 21. Nxf6+ {[%clk 0:04:32]}  gxf6 {[%clk 0:09:16]} 22. Qxh7# {[%clk 0:04:34]} 1-0

[Event "Rapid Tournament (RAP)"]
[Site "Biel, CH"]
[Date "2025.07.13"]
[Round "2"]
[White "Cloete, Willem Francois"]
[Black "Pinchetti, Andrea"]
[Result "0-1"]
[Board "34"]
[WhiteFideId "14358387"]
[BlackFideId "1313800"]
[WhiteElo "1567"]
[BlackElo "2026"]
[WhiteTeam "RSA"]
[BlackTeam "SUI"]
[WhiteClock "0:01:12"]
[BlackClock "0:02:19"]
[Variant "Standard"]

1. e4 {[%clk 0:15:08]}  e6 {[%clk 0:15:05]} 2. d4 {[%clk 0:15:09]}  d5 {[%clk 0:15:08]} 3. e5 {[%clk 0:15:11]}  c5 {[%clk 0:15:11]} 4. c3 {[%clk 0:15:14]}  Nc6 {[%clk 0:15:14]} 5. Nf3 {[%clk 0:15:15]}  Qb6 {[%clk 0:15:16]} 6. Bd3 {[%clk 0:15:17]}  cxd4 {[%clk 0:15:09]} 7. cxd4 {[%clk 0:15:18]}  Nb4 {[%clk 0:15:00]} 8. Be2 {[%clk 0:15:12]}  Bd7 {[%clk 0:14:57]} 9. Nc3 {[%clk 0:15:03]}  Rc8 {[%clk 0:13:45]} 10. O-O {[%clk 0:14:26]}  Ne7 {[%clk 0:13:33]} 11. a3 {[%clk 0:13:48]}  Na6 {[%clk 0:11:31]} 12. Be3 {[%clk 0:12:54]}  Nf5 {[%clk 0:11:25]} 13. Bd3 {[%clk 0:11:49]}  Nxe3 {[%clk 0:11:05]} 14. fxe3 {[%clk 0:11:51]}  Be7 {[%clk 0:11:05]} 15. Qe2 {[%clk 0:11:16]}  h6 {[%clk 0:10:42]} 16. Rf2 {[%clk 0:10:35]}  Rf8 {[%clk 0:07:35]} 17. e4 {[%clk 0:09:12]}  Nc7 {[%clk 0:07:06]} 18. Rd1 {[%clk 0:06:58]}  Bc6 {[%clk 0:06:41]} 19. h4 {[%clk 0:06:18]}  a6 {[%clk 0:06:14]} 20. a4 {[%clk 0:06:16]}  Bb4 {[%clk 0:05:23]} 21. g4 {[%clk 0:05:43]}  Qa5 {[%clk 0:05:15]} 22. exd5 {[%clk 0:05:23]}  Bxd5 {[%clk 0:04:50]} 23. Ne4 {[%clk 0:04:56]}  Bxe4 {[%clk 0:04:34]} 24. Bxe4 {[%clk 0:04:46]}  Nd5 {[%clk 0:04:28]} 25. g5 {[%clk 0:04:35]}  Nf4 {[%clk 0:03:38]} 26. Qf1 {[%clk 0:04:22]}  Nd5 {[%clk 0:03:13]} 27. Rc1 {[%clk 0:03:32]}  Rd8 {[%clk 0:03:03]} 28. Rfc2 {[%clk 0:02:41]}  Ne3 {[%clk 0:02:45]} 29. Qd3 {[%clk 0:02:17]}  Nxc2 {[%clk 0:02:47]} 30. Rxc2 {[%clk 0:02:20]}  Qb6 {[%clk 0:02:51]} 31. g6 {[%clk 0:02:13]}  fxg6 {[%clk 0:02:41]} 32. Bxg6+ {[%clk 0:02:05]}  Ke7 {[%clk 0:02:45]} 33. Rc4 {[%clk 0:01:43]}  a5 {[%clk 0:02:39]} 34. Qc2 {[%clk 0:01:35]}  Rxf3 {[%clk 0:02:36]} 35. Rc7+ {[%clk 0:01:36]}  Rd7 {[%clk 0:02:38]} 36. Rc8 {[%clk 0:01:26]}  Qxd4+ {[%clk 0:02:34]} 37. Kh1 {[%clk 0:01:20]}  Qxh4+ {[%clk 0:02:26]} 38. Qh2 {[%clk 0:01:12]}  Rd1+ {[%clk 0:02:19]} 0-1

[Event "Rapid Tournament (RAP)"]
[Site "Biel, CH"]
[Date "2025.07.13"]
[Round "2"]
[White "Baisse, Rose"]
[Black "Talwalkar, Vedant"]
[Result "0-1"]
[Board "35"]
[WhiteFideId "1357395"]
[BlackFideId "30962498"]
[BlackTitle "FM"]
[WhiteElo "1565"]
[BlackElo "2014"]
[WhiteTeam "SUI"]
[BlackTeam "USA"]
[WhiteClock "0:02:04"]
[BlackClock "0:04:32"]
[Variant "Standard"]

1. e4 {[%clk 0:15:09]}  c5 {[%clk 0:15:08]} 2. Nf3 {[%clk 0:15:13]}  d6 {[%clk 0:15:11]} 3. d4 {[%clk 0:15:17]}  cxd4 {[%clk 0:15:15]} 4. Nxd4 {[%clk 0:15:22]}  Nf6 {[%clk 0:15:19]} 5. Nc3 {[%clk 0:15:26]}  Nc6 {[%clk 0:15:20]} 6. Be3 {[%clk 0:15:28]}  Ng4 {[%clk 0:15:22]} 7. Nxc6 {[%clk 0:15:01]}  bxc6 {[%clk 0:15:25]} 8. Bf4 {[%clk 0:15:03]}  Qb6 {[%clk 0:14:14]} 9. Qd2 {[%clk 0:14:34]}  e5 {[%clk 0:14:04]} 10. Bg3 {[%clk 0:14:20]}  Be6 {[%clk 0:12:23]} 11. h3 {[%clk 0:13:35]}  Nf6 {[%clk 0:12:24]} 12. Bd3 {[%clk 0:13:00]}  Be7 {[%clk 0:12:16]} 13. O-O {[%clk 0:12:25]}  O-O {[%clk 0:11:47]} 14. a4 {[%clk 0:11:26]}  a5 {[%clk 0:11:52]} 15. Kh1 {[%clk 0:10:48]}  Nh5 {[%clk 0:10:38]} 16. Bh2 {[%clk 0:09:29]}  h6 {[%clk 0:09:36]} 17. g4 {[%clk 0:09:12]}  Bg5 {[%clk 0:09:17]} 18. Qe1 {[%clk 0:08:22]}  Nf4 {[%clk 0:09:09]} 19. Rb1 {[%clk 0:07:25]}  Nxh3 {[%clk 0:08:54]} 20. f3 {[%clk 0:07:20]}  Bf4 {[%clk 0:08:05]} 21. Bxf4 {[%clk 0:06:43]}  Nxf4 {[%clk 0:08:06]} 22. Qh4 {[%clk 0:06:44]}  Qd8 {[%clk 0:07:15]} 23. Qh2 {[%clk 0:06:24]}  Qg5 {[%clk 0:06:39]} 24. Rf2 {[%clk 0:05:49]}  g6 {[%clk 0:06:54]} 25. Ne2 {[%clk 0:05:18]}  Kg7 {[%clk 0:06:51]} 26. Nxf4 {[%clk 0:05:19]}  exf4 {[%clk 0:06:53]} 27. Rg2 {[%clk 0:04:59]}  Rh8 {[%clk 0:06:47]} 28. Kg1 {[%clk 0:05:02]}  h5 {[%clk 0:06:17]} 29. gxh5 {[%clk 0:04:56]}  Qc5+ {[%clk 0:06:20]} 30. Kf1 {[%clk 0:04:38]}  Rxh5 {[%clk 0:06:15]} 31. Qg1 {[%clk 0:04:42]}  Qe5 {[%clk 0:06:04]} 32. Ke2 {[%clk 0:04:17]}  Ba2 {[%clk 0:05:02]} 33. Ra1 {[%clk 0:03:39]}  Qxb2 {[%clk 0:04:50]} 34. Kd2 {[%clk 0:03:21]}  Be6 {[%clk 0:04:29]} 35. e5 {[%clk 0:02:28]}  Bf5 {[%clk 0:04:23]} 36. exd6 {[%clk 0:02:06]}  Bxd3 {[%clk 0:04:26]} 37. Kxd3 {[%clk 0:02:10]}  Rd5+ {[%clk 0:04:30]} 38. Ke2 {[%clk 0:02:04]}  Re8+ {[%clk 0:04:32]} 0-1

[Event "Rapid Tournament (RAP)"]
[Site "Biel, CH"]
[Date "2025.07.13"]
[Round "2"]
[White "He, Junchen"]
[Black "Mazzeo, Luigi"]
[Result "1-0"]
[Board "36"]
[WhiteFideId "8642427"]
[BlackFideId "1367510"]
[WhiteElo "2007"]
[BlackElo "1658"]
[WhiteTeam "CHN"]
[BlackTeam "SUI"]
[WhiteClock "0:00:45"]
[BlackClock "0:05:46"]
[Variant "Standard"]

1. d4 {[%clk 0:15:08]}  Nf6 {[%clk 0:15:08]} 2. Nc3 {[%clk 0:15:05]}  d5 {[%clk 0:15:11]} 3. Bf4 {[%clk 0:15:08]}  c5 {[%clk 0:15:14]} 4. e4 {[%clk 0:15:11]}  e6 {[%clk 0:14:32]} 5. Bb5+ {[%clk 0:13:10]}  Nc6 {[%clk 0:14:25]} 6. Bxc6+ {[%clk 0:11:39]}  bxc6 {[%clk 0:14:29]} 7. e5 {[%clk 0:11:43]}  Ne4 {[%clk 0:14:31]} 8. Nxe4 {[%clk 0:11:19]}  dxe4 {[%clk 0:14:35]} 9. Ne2 {[%clk 0:10:53]}  Ba6 {[%clk 0:14:26]} 10. Nc3 {[%clk 0:09:47]}  Qxd4 {[%clk 0:13:56]} 11. Qxd4 {[%clk 0:09:47]}  cxd4 {[%clk 0:14:00]} 12. Nxe4 {[%clk 0:09:51]}  Be7 {[%clk 0:12:45]} 13. O-O-O {[%clk 0:09:38]}  c5 {[%clk 0:12:40]} 14. b4 {[%clk 0:08:26]}  cxb4 {[%clk 0:12:14]} 15. Rxd4 {[%clk 0:08:25]}  O-O {[%clk 0:12:14]} 16. Nd6 {[%clk 0:08:00]}  f6 {[%clk 0:11:52]} 17. f3 {[%clk 0:05:59]}  fxe5 {[%clk 0:11:47]} 18. Bxe5 {[%clk 0:06:04]}  Rad8 {[%clk 0:11:19]} 19. Rhd1 {[%clk 0:05:51]}  Rb8 {[%clk 0:07:54]} 20. Kb2 {[%clk 0:05:24]}  Be2 {[%clk 0:07:27]} 21. R1d2 {[%clk 0:05:23]}  Bf1 {[%clk 0:07:30]} 22. Rf2 {[%clk 0:05:06]}  Ba6 {[%clk 0:07:26]} 23. Kb3 {[%clk 0:04:40]}  Rfd8 {[%clk 0:07:29]} 24. Rfd2 {[%clk 0:04:36]}  Bf1 {[%clk 0:07:29]} 25. Rf2 {[%clk 0:03:37]}  Ba6 {[%clk 0:07:29]} 26. g3 {[%clk 0:03:19]}  Bb7 {[%clk 0:07:10]} 27. Nxb7 {[%clk 0:02:27]}  Rxb7 {[%clk 0:07:13]} 28. Rxd8+ {[%clk 0:02:15]}  Bxd8 {[%clk 0:07:17]} 29. Rd2 {[%clk 0:02:13]}  Be7 {[%clk 0:07:16]} 30. Rd4 {[%clk 0:01:33]}  Kf7 {[%clk 0:07:04]} 31. Rc4 {[%clk 0:01:16]}  h6 {[%clk 0:07:02]} 32. h4 {[%clk 0:01:18]}  Rb5 {[%clk 0:06:21]} 33. Bd4 {[%clk 0:01:14]}  Rb7 {[%clk 0:06:24]} 34. Rc6 {[%clk 0:01:11]}  g6 {[%clk 0:06:18]} 35. Ra6 {[%clk 0:01:11]}  g5 {[%clk 0:06:04]} 36. hxg5 {[%clk 0:00:58]}  Bxg5 {[%clk 0:06:02]} 37. Rxa7 {[%clk 0:00:59]}  Rxa7 {[%clk 0:06:05]} 38. Bxa7 {[%clk 0:01:04]}  Bd2 {[%clk 0:06:07]} 39. Bc5 {[%clk 0:01:03]}  Kf6 {[%clk 0:06:08]} 40. Bxb4 {[%clk 0:01:01]}  Be3 {[%clk 0:05:59]} 41. a4 {[%clk 0:00:47]}  h5 {[%clk 0:06:03]} 42. Be1 {[%clk 0:00:44]}  Ke5 {[%clk 0:06:03]} 43. Kc4 {[%clk 0:00:47]}  Kd6 {[%clk 0:06:06]} 44. Kd3 {[%clk 0:00:49]}  Bc5 {[%clk 0:06:03]} 45. Ke4 {[%clk 0:00:48]}  Ke7 {[%clk 0:05:58]} 46. Kf4 {[%clk 0:00:47]}  Kf6 {[%clk 0:05:58]} 47. Bc3+ {[%clk 0:00:49]}  Kg6 {[%clk 0:06:01]} 48. Be1 {[%clk 0:00:43]}  Kf6 {[%clk 0:05:52]} 49. a5 {[%clk 0:00:45]}  Bd4 {[%clk 0:05:38]} 50. Ke4 {[%clk 0:00:46]}  Ba7 {[%clk 0:05:42]} 51. a6 {[%clk 0:00:48]}  Kg5 {[%clk 0:05:43]} 52. Bd2+ {[%clk 0:00:50]}  Kf6 {[%clk 0:05:46]} 53. Be3 {[%clk 0:00:45]} 1-0